Biblioteca

íVale la pena vivir! / Milo Arnold; Xavier Vila, Traductor (Registro nro. 32116)

Detalles MARC
000 -LÍDER
Campo fijo de descripción fija 011190000a22002170004500
020 ## - NÚMERO INTERNACIONAL NORMALIZADO PARA LIBROS
Número Internacional Normalizado del libro 84-7228-457-3
041 0# - CÓDIGO DE IDIOMA
Código de idioma para texto/pista de sonido o título separado
082 04 - NÚMERO DE CLASIFICACIÓN DECIMAL DEWEY
Número de clasificación G 113.8 A752v
001 - NÚMERO DE CONTROL
Campo de control 615
100 1# - ASIENTO PRINCIPAL--NOMBRE PERSONAL
Nombre personal Arnold, Milo
245 10 - TÍTULO
Título del Material íVale la pena vivir! / Milo Arnold; Xavier Vila, Traductor
260 ## - PUBLICACIÓN, DISTRIBUCIÓN, ETC. (PIE DE IMPRENTA)
Lugar de publicación, distribución, etc. Terrassa, Barcelona, España : CLIE
300 ## - DESCRIPCIÓN FÍSICA
Extensión 199 Pag.
336 ## - CONTENT TYPE
Content type term texto
Content type code txt
Source rdacontent
337 ## - MEDIA TYPE
Source rdamedia
Media type term sin mediación
Media type code n
338 ## - CARRIER TYPE
Source rdacarrier
Carrier type term volumen
Carrier type code nc
500 ## - NOTA GENERAL
Nota General Título original : Life is so great, I really don´t want to get off.
505 00 - NOTA DE CONTENIDO
Nota de contenido con formato preestablecido la búsqueda de cada hombre -- plenitud de vida y umbrales de tolerancia -- las carreras y la satisfacción de la vida -- cómo contribuye el aprender a la plenitud de la vida -- un idilio con el pasado -- los enemigos que impiden vivir una vida plena -- no meterse en las salidas -- hay lugar para la religión -- encarándose con la vida de un modo positivo -- el hogar y la familia como factores de contentamiento -- plenitud de vida y relaciones con el prójimo -- la plenitud de vida no se obtiene al azar
650 14 - ASIENTO SECUNDARIO DE MATERIA - TERMINO TEMÁTICO
Término temático o nombre geográfico como elemento de entrada VIDA CRISTIANA
942 ## - TIPO DE MATERIAL (KOHA)
Tipo de Item KOHA Libros General
Existencias
Estado de Material Estado de Perdido Estado de Dañado No para Préstamo Colección Tomo Biblioteca de Origen Biblioteca Permanente Fecha de Adquisición Total de Préstamos Signatura Topográfica Código de Barras Última vez visto Ejemplar/Existencia Fecha de Remplazo Tipo de Material
        Colección General   Biblioteca FUSBC Biblioteca FUSBC 20/09/2004   G 113.8 A752v 84 12/12/2019 1 26/01/2016 Libros General

Biblioteca FUSBC | Teléfono: (57+4) 349 88 10 Ext. 141| WhatsApp (+57) 3005338115 
E-mail: biblioteca@unisbc.edu.co | Calle 76 87-14 Robledo Palenque, Medellín, Colombia

Con tecnología Koha